000 00439nmm a2200157Ia 4500
008 251105s9999||||xx |||||||||||||||||und||
020 _a9789586487979
041 _aspa
100 _aRincón, Carlos
245 0 _aAuditoría de costos
264 _a[Bogotá, Colombia] :
_bEcoe Ediciones,
_c2012
300 _a158 páginas
650 _aEconomics and Business
856 _uhttps://public.digitaliapublishing.com/a/70543
942 _cCF
999 _c95395
_d95395